000 01006nam a22002297a 4500
999 _c16343
_d16343
005 20251125232845.0
008 s2542 th tha d
020 _a9748664171
040 _aNALT
041 _atha
100 0 _aพิชัย นิลทองคำ
245 1 0 _aคำพิพากษาศาลฎีกาวิธีพิจารณาความแพ่ง เล่ม 1 บททั่วไป
260 3 _aกรุงเทพฯ :
_bอฑตยา มิเล็นเนียม,
_c2542
300 _a92 หน้า ;
_b 26 ซม.
650 0 4 _aคำพิพากษาฎีกา -- คดีแพ่ง
650 0 4 _aคำพิพากษาฎีกา -- วิธีพิจารณาความแพ่ง
850 _aNALT
856 4 0 _uhttps://hdl.handle.net/20.500.14156/424087
_71
942 _cLB
_2lcc
998 _j25
_k นีลวัสน์ อินทรักษา
090 _aKT80 พ642ค 2542 ล.1